<?xml version="1.0" encoding="UTF-8"?><OAI-PMH xmlns="http://www.openarchives.org/OAI/2.0/" xmlns:xsi="http://www.w3.org/2001/XMLSchema-instance"     xsi:schemaLocation="http://www.openarchives.org/OAI/2.0/ http://www.openarchives.org/OAI/2.0/OAI-PMH.xsd"><responseDate>2026-05-16T17:30:36Z</responseDate><request verb="GetRecord" identifier="oai:regmurcia.com:fintegr.1829" metadataPrefix="marc21">http://oai.regmurcia.com/oai2/oai2.php</request><GetRecord><record><header><identifier>oai:regmurcia.com:fintegr.1829</identifier><datestamp>2026-05-16</datestamp><setSpec>documentos</setSpec></header><metadata><record  xmlns="http://www.loc.gov/MARC21/slim" xmlns:xsi="http://www.w3.org/2001/XMLSchema-instance" xsi:schemaLocation="http://www.loc.gov/MARC21/slim http://www.loc.gov/standards/marcxml/schema/MARC21slim.xsd" type="Bibliographic"><leader>00000nam a2200000   4500</leader><controlfield tag="001" >005074717</controlfield><controlfield tag="003" >1829</controlfield><controlfield tag="004" >A00000000</controlfield><datafield tag="245" ind1=" " ind2=" "><subfield code="a">Carta de pago de Mosés Aben Daño, mayordomo del Adelantado, para García del Caballo, obrero del adarve.</subfield></datafield><datafield tag="300" ind1=" " ind2=" "><subfield code="c">153 x 220 mm.</subfield></datafield><datafield tag="351" ind1=" " ind2=" "><subfield code="a">Unidad Documental compuesta</subfield><subfield code="c">Archivo de Murcia. Array</subfield><subfield code="a">Unidad Documental compuesta</subfield><subfield code="c">Archivo de Murcia. Array</subfield></datafield><datafield tag="351" ind1=" " ind2=" "><subfield code="b">Nº 164</subfield></datafield><datafield tag="506" ind1=" " ind2=" "><subfield code="a">Acceso restringido</subfield></datafield><datafield tag="520" ind1=" " ind2=" "><subfield code="a">El documento incluye:&lt;/br&gt;- Carta de pago de Mosés Aben Daño, mayordomo del Adelantado, ordenando a Alfonso de Santa María, arrendador de la renta del pan y vino de Murcia, que pague 2.050 maravedís a García del Caballo, obrero del adarve. (1466-3-6. Murcia). &lt;/br&gt;- Recibo de pago de García del Caballo, manifestando haber recibido los 2.050 maravedís de Alfonso de Santa María por sus trabajos. (1466-9-27. Murcia).</subfield></datafield><datafield tag="583" ind1=" " ind2=" "><subfield code="u">http://www.regmurcia.com/servlet/s.Sl?METHOD=VERDOCUMENTO&amp;sit=serv,Carmesi&amp;n=/01/1767/indice.djvu</subfield></datafield><datafield tag="592" ind1=" " ind2=" "><subfield code="a">1466-03-07</subfield></datafield><datafield tag="592" ind1=" " ind2=" "><subfield code="d">1466-03-07 00:00:00</subfield></datafield><datafield tag="651" ind1=" " ind2=" "><subfield code="a">Murcia</subfield></datafield><datafield tag="786" ind1=" " ind2=" "><subfield code="o">http://www.regmurcia.com/servlet/s.Sl?METHOD=VERDOCUMENTO&amp;sit=serv,Carmesi&amp;n=/01/1767/indice.djvu</subfield></datafield><datafield tag="856" ind1=" " ind2=" "><subfield code="u">http://www.regmurcia.com/servlet/s.Sl?METHOD=DETALLE&amp;sit=c,373,m,139,serv,Carmesi&amp;id=1829</subfield></datafield></record></metadata></record></GetRecord></OAI-PMH>
